000 00804 a2200169 4500
003 Nust
005 20230316115437.0
040 _cNust
082 _a355.009, OWE
100 _a Owen, Frank, 1905-1979.
_9110396
245 _aThe fall of Singapore.
_c Owen, Frank, 1905-1979
260 _aLondon,
_bM. Joseph,
_c [1960]
300 _a216 p. illus.
_b23 cm.
505 _aThe Flag The never Lost (Page-9), Red Light (Page-17), Over the Line (Page-38), The Lost Ships (Page-55), Loss of North Malaya (Page-77), The Slim River Disaster (Page-96), Retreat to Johore (Page-106), The Battle of Muar (Page-118), Last Steps to Singapore (Page-135), That Fortress Sing pore (Page-156), The Fall Of Singapore (Page-169), The Last Stand (Page-192).
650 _aThe fall of Singapore.
_9110397
942 _2ddc
_cBK
999 _c185099
_d185099